Städte und Gemeinden in Mecklenburg-Vorpommern - Sudden Death - Statistiken

Allgemein
  • Dieses Quiz wurde 114 mal gespielt
  • Das Durchschnittsergebnis liegt bei 5 aus 21
Answers on the Grid
Answers color-coded by a green-red scale on the quiz's grid according to % correct below.
Stralsund
Ratzeburg
Angermünde
Bad Sülze
Berlin
Bützow
Dassow
Doberan
Ludwigslust
Glatow
Goldberg
Greifswald
Grevesmühlen
Güstrow
Hagenow
Hamburg
Karow
Lübeck
Lübz
Neubukow
Neustrelitz
Pampow
Potsdam
Ribnitz
Rostock
Rügen
Sassnitz
Schwerin
Stettin
Swinemünde
Tarnow
Usedom
Warnemünde
Wismar
Wittenberge
Wolgast
 
Antwortstatistiken
Antwort % Korrekt
Landeshauptstadt Schwerin
55%
Kreisstadt des Kreises Vorpommern-Rügen Stralsund
55%
kreisfreie Großstadt Rostock
53%
Kreisstadt des Landkreises Vorpommern-Greifswald Greifswald
42%
Kreisstadt des Kreises Nordwestmecklenburg Wismar
42%
Stadt im Landkreis Mecklenburgische Seenplatte Neustrelitz
39%
Stadt im Landkreis Ludwigslust-Parchim Ludwigslust
36%
Kreisstadt des Landkreises Rostock Güstrow
31%
Stadt auf Rügen im Landkreis Vorpommern-Rügen Sassnitz
30%
Stadt im Kreis Nordwestmecklenburg Grevesmühlen
27%
Stadt auf Usedom im Landkreis Vorpommern-Greifswald Usedom
25%
Stadt im Landkreis Ludwigslust-Parchim Hagenow
23%
Stadt im Landkreis Vorpommern-Greifswald Wolgast
23%
Stadt im Landkreis Rostock Bützow
20%
Stadt im Landkreis Ludwigslust-Parchim Lübz
14%
Gemeinde im Landkreis Ludwigslust-Parchim Pampow
11%
Stadt im Landkreis Ludwigslust-Parchim Goldberg
6%
Stadt im Landkreis Nordwestmecklenburg Neubukow
6%
Stadt im Landkreis Nordwestmecklenburg Dassow
5%
Stadt im Landreis Vorpommern-Rügen Bad Sülze
3%
Gemeinde im Landkreis Rostock Tarnow
2%
Keine übereinstimmenden Quizze gefunden
Verteilung der Resultate
Anzahl Personen mit jedem Resultat
Perzentil nach korrekt beantworteten Fragen
Ihre Resultats-Entwicklung
Sie haben dieses Quiz noch nicht gespielt